003230000a22001330004500020001600000060000800016082002300024100001700047245004700064260003600111260000900147300000800156650002500164 a019 2177125 a100 a582. 1600 3 OXF;01 aHora, Bayard aOxford Encyclopedia of Trees of the World. aoxford, Oxford University Press c1981 a288 aTrees- Encyclopedia/